| 000 | 00000nam 2200000zi 4500 |
| 001 | 9.946574 |
| 003 | CaOODSP |
| 005 | 20250107105717 |
| 006 | m o d f |
| 007 | cr |n||||||||| |
| 008 | 250107t20072007qucab ob f000 0 eng d |
| 020 | |z066244325X |
| 040 | |aCaOODSP|beng|erda|cCaOODSP |
| 043 | |an-cn-qu |
| 086 | 1 |aR64-105/51-2007E-PDF|zR64-105/51-2007E |
| 245 | 04|aThe Fur Trade at Lachine National Historic Site of Canada management plan. |
| 264 | 1|a[Gatineau, Québec] : |bParks Canada, |c[2007] |
| 264 | 4|c©2007 |
| 300 | |a1 online resource (55 pages) : |billustrations, color maps |
| 336 | |atext|btxt|2rdacontent |
| 337 | |acomputer|bc|2rdamedia |
| 338 | |aonline resource|bcr|2rdacarrier |
| 500 | |aIssued also in French under title: Lieu historique national du Canada du Commerce-de-la-Fourrure-à-Lachine, plan directeur. |
| 500 | |aDigitized edition from print [produced by Government of Canada Publications Directorate]. |
| 504 | |aIncludes bibliographical references (page 51). |
| 550 | |aIssued by: Western Quebec Field Unit. |
| 650 | 0|aHistoric sites|zQuébec (Province)|xManagement. |
| 650 | 0|aNational parks and reserves|zQuébec (Province)|xManagement. |
| 650 | 6|aLieux historiques|zQuébec (Province)|xGestion. |
| 650 | 6|aParcs nationaux|zQuébec (Province)|xGestion. |
| 651 | 0|aFur Trade at Lachine National Historic Site, The (Montréal, Québec) |xManagement. |
| 651 | 6|aLieu historique national du Commerce-de-la-Fourrure-à-Lachine (Montréal, Québec) |xGestion. |
| 710 | 2 |aParks Canada. |bWestern Québec Field Unit, |eissuing body. |
| 776 | 0#|tThe fur trade at Lachine National Historic Site of Canada : |w(CaOODSP)9.650370 |
| 856 | 40|qPDF|s24707 KB|uhttps://publications.gc.ca/collections/collection_2025/pc/R64-105-51-2007-eng.pdf |